Föld-hajó
Elmentve itt :
| Szerző: | |
|---|---|
| Adatforrás: | Philobibl |
| Dokumentumtípus: | Könyv |
| Nyelv: | magyar |
| Kulcsszavak: | esztétika |
| Megjelent: |
[Bp.]
|
| Sorozat: | Liget könyvek
|
| LEADER | 00346aam a2200145 c 4500 | ||
|---|---|---|---|
| 001 | bibPHI0040944 | ||
| 005 | 20200924124433.5 | ||
| 008 | 951212s1993 hu hun | ||
| 100 | 2 | |a Nagy Katalin, S. | |
| 245 | 1 | 0 | |a Föld-hajó |c S. Nagy Katalin |
| 260 | |a [Bp.] | ||
| 300 | |a 300 p. | ||
| 490 | 1 | |a Liget könyvek | |
| 695 | |a esztétika | ||
| 830 | 0 | |a Liget könyvek | |